Catálogo

Los filósofos presocráticos : (Registro nro. 60310)

Detalles MARC
000 -LEADER
fixed length control field 01630nam a2200409 i 4500
001 - CONTROL NUMBER
control field 60310
003 - CONTROL NUMBER IDENTIFIER
control field Mx-PuUPA
005 - DATE AND TIME OF LATEST TRANSACTION
control field 20260128090549.0
008 - FIXED-LENGTH DATA ELEMENTS--GENERAL INFORMATION
fixed length control field 140415s1987 sp gr 001 0 spa d
017 ## - COPYRIGHT OR LEGAL DEPOSIT NUMBER
Copyright or legal deposit number M. 30171-1987
020 ## - INTERNATIONAL STANDARD BOOK NUMBER
International Standard Book Number 8424912497
040 ## - CATALOGING SOURCE
Original cataloging agency Mx-PuUPA
Language of cataloging spa
Transcribing agency Mx-PuUPA
Modifying agency Mx-PuUPA
Description conventions rda
041 1# - LANGUAGE CODE
Language code of text/sound track or separate title spa
Language code of original eng
100 1# - MAIN ENTRY--PERSONAL NAME
Personal name Kirk, G. S. ,
Dates associated with a name 1921-2003
Fuller form of name (Geoffrey Stephen),
9 (RLIN) 5904
240 1# - UNIFORM TITLE
Uniform title The presocratic philosophers. A critical history with a selection fo texts.
Language of a work Español.
245 14 - TITLE STATEMENT
Title Los filósofos presocráticos :
Remainder of title historia crítica con selección de textos /
Statement of responsibility, etc. C.S. Kirk, J.E. Raven y M. Schofield ; versión española de Jesús García Fernández
250 ## - EDITION STATEMENT
Edition statement Segunda edición /
Remainder of edition statement octubre
264 #1 - PRODUCTION, PUBLICATION, DISTRIBUTION, MANUFACTURE, AND COPYRIGHT NOTICE
Place of production, publication, distribution, manufacture Madrid, España :
Name of producer, publisher, distributor, manufacturer Editorial Gredos,
Date of production, publication, distribution, manufacture, or copyright notice 1987
300 ## - PHYSICAL DESCRIPTION
Extent 702 páginas ;
Dimensions 19 cm
336 ## - CONTENT TYPE
Fuente rdacontent
Content type term texto
Content type code txt
337 ## - MEDIA TYPE
Source rdamedia
Media type term sin medio
Media type code n
338 ## - CARRIER TYPE
Source rdacarrier
Carrier type term volumen
Carrier type code nc
490 0# - SERIES STATEMENT
Series statement Biblioteca Hispánica de Filosofía ;
Volume/sequential designation 63
501 ## - WITH NOTE
With note En portada se menciona el autor como "C.S. Kirk", debe ser "G.S. Kirk".
546 ## - LANGUAGE NOTE
Language note Contiene texto en griego clásico.
650 #7 - SUBJECT ADDED ENTRY--TOPICAL TERM
Topical term or geographic name entry element Sofistas
Source of heading or term armarc
650 #7 - SUBJECT ADDED ENTRY--TOPICAL TERM
Source of heading or term armarc
Topical term or geographic name entry element Filosofía clásica
650 #7 - SUBJECT ADDED ENTRY--TOPICAL TERM
Source of heading or term armarc
Topical term or geographic name entry element Filósofos griegos
650 #7 - SUBJECT ADDED ENTRY--TOPICAL TERM
Source of heading or term armarc
Topical term or geographic name entry element Presocráticos
700 1# - ADDED ENTRY--PERSONAL NAME
Personal name Raven, J. E.,
Relator term autor
700 1# - ADDED ENTRY--PERSONAL NAME
Personal name Schofield, M.,
Relator term autor
700 1# - ADDED ENTRY--PERSONAL NAME
Personal name García Fernández, Jesús,
Relator term traductor
765 0# - ORIGINAL LANGUAGE ENTRY
Main entry heading Kirk, G.S.
Title The presocratic philosophers. A critical history with a selection fo texts.
942 ## - ADDED ENTRY ELEMENTS (KOHA)
Source of classification or shelving scheme Dewey Decimal Classification
Koha item type Libro
Classification part 182
Item part K5818
Existencias
Withdrawn status Lost status Source of classification or shelving scheme Damaged status Not for loan Collection code Home library Current library Shelving location Date acquired Source of acquisition Total Checkouts Total Renewals Full call number Barcode Date last seen Date last checked out Price effective from Koha item type
    Dewey Decimal Classification     General Biblioteca Karol Wojtyla Biblioteca Karol Wojtyla Sala general 03/12/2013 Compra 7 4 182 K5818 1987 90858 03/02/2026 07/11/2022 01/09/2014 Libro